Trouvez les pays contenus dans ces messages secrets ! #1 - Statistiques

Statistiques générales
  • Ce quiz a été pris 114 fois
  • Le résultat moyen est 18 sur 28
Statistiques - réponses
Hint Réponse % Correct
Chaque Chine / Corée du Nord
91%
retour Russie
84%
boisson Brésil
79%
suffit. Suède
79%
une Uruguay
79%
facilement. France
77%
nous Norvège
77%
saignent Suisse
77%
Attendez Argentine
76%
artères Autriche
73%
chaude. Colombie
71%
zigouillent. Zambie
67%
aventures Afrique du Sud
63%
nous Namibie
62%
Les Liechtenstein
61%
Les Lesotho
59%
gardera Guatemala
56%
haricots. Honduras
54%
attentivement Afghanistan
52%
gains. Gambie / Guinée Bissau
52%
Inspecte Iran
50%
kiwis. Kirghizistan
50%
généreusement Guinée
48%
ses Salvador
48%
ses Sénégal
48%
Babar Belize
46%
Comptons Côte d'Ivoire
43%
tes Tadjikistan
41%
Aucun quiz correspondant
Distribution des résultats
% des personnes avec chaque résultat
Percentile par nombre de réponses
Votre historique - résultats
Vous n’avez pas pris ce quiz